000 00859nam a2200217Ii 4500
003 JO-AjNU
008 230605s9999||||xx |||||||||||||| ||und||
017 _a2003/9/1926
040 _aJO-AjNU
_bara
_erda
_cJO-AjNU
041 _aara
050 1 4 _aBP130.4M87 2003
100 3 _aتاليف مصطفى، أسامة نعيم ؛ تدقيق لغوي: ياسر خالد سلامة,
_eauthor
_918144
245 0 0 _aمن فتاوى الرسول صلى الله عليه وسلم للنساء
250 _aط1
264 3 1 _aعمان: دار الاسراء، 2003
300 _a80ص
336 _atext
_btxt
_2rdacontent
337 _aunmediated
_bn
_2rdamedia
338 _avolume
_bnc
_2rdacarrier
650 4 _aالمراة المسلمة - الفقة الاسلامي - الفتاوى للنساء - الحديث الشريف - السيرة النبوية
_918145
999 _aA5747
_c9315
_d9315